| 000 | 01400nam a2200313 a 4500 | ||
|---|---|---|---|
| 001 | |||
| 003 | DO-SdBNP | ||
| 005 | 20240806123047.0 | ||
| 008 | 100824s2014 ch 000 0 spa d | ||
| 020 | _a9789568209780 | ||
| 040 |
_aDO-SdBNP _bspa _cBPMSU |
||
| 082 | 4 |
_aCh863.4 _bM678c 2014 _222 |
|
| 100 | 1 |
_aMistral, Gabriela, _d1889-1957 _eautora. |
|
| 245 | 1 | 0 |
_aCaperucita roja / _cCharles Perrault ; adaptación Gabriela Mistral ; ilustraciones de Paloma Valdivia ; comentario crítico de Manuel Peña Muñoz. _b |
| 260 |
_aSantiago, Chile : _bEditorial Amanuta, _c2014 |
||
| 300 |
_a31 p. : _bils. ; _c27 cm. |
||
| 490 | 0 | _aPoesía ilustrada | |
| 500 | _aIncluye datos biográficos de la autora | ||
| 520 | _aUna divertida y oscura versión de la Caperucita de Charles Perrault, escrita en verso por Gabriela Mistral. Divertidas interacciones, narración y un final escabroso, tal como en la versión original de Perrault. | ||
| 521 | _aRecomendado para niños a partir de los 5 años de edad. | ||
| 590 | _aInventariado, 2024/VM | ||
| 650 | 4 |
_aLiteratura infantil chilena _ySiglo XX _x |
|
| 650 | 4 |
_aCuentos infantiles populares _vAdaptaciones |
|
| 650 | 4 |
_aLobos _vCuentos infantiles. _ySiglo XX |
|
| 700 | 1 |
_aValdivia, Paloma, _d1978- _eilustradora. |
|
| 700 | 1 |
_aPerrault, Charles _d1628-1703 _tCaperucita roja _eautor |
|
| 910 | _aVMateo V. Control de calidad. BPMSU | ||
| 942 |
_2ddc _cBK |
||
| 999 |
_c14762 _d14762 |
||